Propuestas para el mejoramiento de calidad de la educación superior universitaria /
En este capítulo se habla de aspectos de la educación superior como la autonomía de las instituciones educativas /vs/ calidad. La posición de las universidades privadas y las públicas, sus pro y contras, si hay necesidad de una intervención del estado en la educación superior, algunos aspectos de lo...
Bewaard in:
| Hoofdauteur: | |
|---|---|
| Andere auteurs: | , , , , , |
| Formaat: | Texto |
| Onderwerpen: | |
| Tags: |
Voeg label toe
Geen labels, Wees de eerste die dit record labelt!
|
MARC
| LEADER | 00000 a a2200000 04500 | ||
|---|---|---|---|
| 001 | 17189 | ||
| 003 | |||
| 040 | |||
| 100 | |a Hidalgo Jiménez, Gustavo Adolfo | ||
| 245 | |a Propuestas para el mejoramiento de calidad de la educación superior universitaria / |c Gustavo Adolfo Hidalgo Jiménez | ||
| 520 | |a En este capítulo se habla de aspectos de la educación superior como la autonomía de las instituciones educativas /vs/ calidad. La posición de las universidades privadas y las públicas, sus pro y contras, si hay necesidad de una intervención del estado en la educación superior, algunos aspectos de los colegios profesionales se señala además que es necesario desarrollar una cultura de aseguramiento y mejoramiento de la calidad de la edcuación que nos lleve a medir con indicadores objetivos, el quehacer académico en el interior de cada institución y en relación con las demás./MSD | ||
| 650 | |a EDUCACION UNIVERSITARIA | ||
| 650 | |a CALIDAD DE LA EDUCACION | ||
| 650 | |a NECESIDADES DE EDUCACION | ||
| 650 | |a ENSEÑANZA SUPERIOR | ||
| 700 | |a present |a Madrigal, María Lorena | ||
| 700 | |a moderador |a Castro, Juan Diego | ||
| 700 | |a Zelaya Goodman, Chéster | ||
| 700 | |a Cruz, Alejandro | ||
| 700 | |a Zomer Rezler, Clara | ||
| 700 | |a Sancho Chavarría, Ricardo | ||
| 773 | |g volumen 9, número 1; páginas 65-109 | ||
| 999 | |c 22146 |d 22146 | ||
